| 000 | 01370 a2200217 4500 | ||
|---|---|---|---|
| 005 | 2008082704264.0 | ||
| 008 | 080827t xxu||||| |||| 00| 0 hin d | ||
| 010 | _aHIN-83265 | ||
| 020 |
_a8185309655 _c175.00 |
||
| 035 | _aHN-55611 | ||
| 037 | _bपु.प्र.अ.प्र/प्रका | ||
| 082 | _a820.8 | ||
| 100 | _aगायत्री कमलेश्वर | ||
| 245 |
_aमाधवराज सप्रे और उनका युगः (हिन्दी पत्रकारिता के पुरूष सप्रे जी के व्यक्तित्व एवं कृत्तित्व पर शोधपूर्ण साहचर्य) / _cगायत्री कमलेश्वर |
||
| 246 |
_aMadhavrao Sapre aur unka yug _bby Gayatri Kamleswar |
||
| 260 |
_aगाजियाबाद _bअमित प्रकाशन _c2007 |
||
| 270 |
_aके.बी.97, कविनगर _bगाजियाबाद _e201002 _c(उ.प्र.) |
||
| 300 |
_a136पृ _c22 सेमी (सजिल्द) |
||
| 942 |
_adpl _cHN _k820.8 / गायत्री _2ddc _h820.8 _m गायत्री |
||
| 999 |
_c12004 _d12004 |
||